|
|
|
|
| LEADER |
00000aam a2200000 i 4500 |
| 001 |
25199 |
| 003 |
Arxiu |
| 005 |
20260324180727.0 |
| 008 |
200709e202005 spca|||| ||||o000 0 cat|c |
| 015 |
|
|
|a LL2021
|2 bnc
|
| 017 |
|
|
|a DL B 40005-2020
|b Biblioteca de Catalunya
|
| 020 |
|
|
|a 9788412011678
|
| 035 |
|
|
|a (ES-BaCBU).b7432150x
|
| 040 |
|
|
|a ES-TeMCT
|b cat
|e rda
|c ES-TeMCT
|d ES-BaBC
|
| 043 |
|
|
|a e-sp---
|b e-spcbr
|2 catmarc
|
| 080 |
|
|
|a 622
|x (460.235)
|2 2000
|
| 080 |
|
|
|a 622.33
|x (460.23 Be)
|x (091)
|2 2004
|
| 080 |
|
|
|a 656.025.4:662.66
|x (460.23 Be)
|x (091)
|2 2004
|
| 080 |
|
|
|a 338.45
|x (460.23 Be):622
|x (091)
|2 2004
|
| 100 |
1 |
|
|a Serra, Rosa,
|d 1958-
|e autor
|9 51705
|
| 245 |
1 |
0 |
|a Mines, miners i ferrocarril al Berguedà /
|c Rosa Serra Rotés
|
| 250 |
|
|
|a Primera edició
|
| 264 |
|
1 |
|a Barcelona :
|b Llibres de l'Índex,
|c maig de 2020
|
| 300 |
|
|
|a 317 pàgines :
|b il·lustracions (algunes en color) ;
|c 24 cm
|
| 336 |
|
|
|a text
|b txt
|2 rdacontent
|
| 337 |
|
|
|a sense mediació
|b n
|2 rdamedia
|
| 338 |
|
|
|a volum
|b nc
|2 rdacarrier
|
| 500 |
|
|
|a Als preliminarls: l'Erol : revista cultural del Berguedà, Àmbit de Recerques del Berguedà. Museu de la Ciència i de la Tècnica de Catalunya. Museu de les mines de Cercs. Ajuntament de la Vila de Cercs. Diputació de Barcelona. Colegio Oficial de Ingenieros de Minas del Noreste de España
|
| 504 |
|
|
|a Inclou referències bibliogràfiques
|
| 650 |
|
7 |
|a Mines de carbó
|x Catalunya
|x Cercs.
|2 lemac
|
| 650 |
|
7 |
|a Ferrocarrils
|x Catalunya
|2 lemac
|
| 650 |
|
7 |
|a Mines de carbó
|z Catalunya
|z Berguedà
|x Història.
|2 lemac
|
| 650 |
|
7 |
|a Carbó
|x Indústria i comerç
|z Catalunya
|z Berguedà
|x Història.
|2 lemac
|
| 650 |
|
7 |
|a Carbó
|x Transport
|z Catalunya
|z Berguedà
|x Història.
|2 lemac
|
| 650 |
|
7 |
|a Indústria minera
|z Catalunya
|z Berguedà
|x Història.
|2 lemac
|
| 651 |
|
7 |
|a Cercs (Catalunya)
|x Vida social i costums.
|2 lemac
|
| 710 |
2 |
|
|a Àmbit de Recerques del Berguedà,
|e entitat patrocinadora
|9 55653
|
| 710 |
2 |
|
|a Museu de la Ciència i de la Tècnica de Catalunya,
|e entitat patrocinadora
|9 53796
|
| 710 |
2 |
|
|a Museu de les Mines de Cercs,
|e entitat patrocinadora
|9 52815
|
| 710 |
1 |
|
|a Cercs (Catalunya).
|b Ajuntament.
|e entitat patrocinadora
|9 51607
|
| 710 |
1 |
|
|a Barcelona (Catalunya : Província).
|b Diputació
|e entitat patrocinadora
|9 52408
|
| 710 |
2 |
|
|a Colegio Oficial de Ingenieros de Minas del Noroeste,
|e entitat patrocinadora
|
| 907 |
|
|
|a .b7432150x
|b 09-06-21
|c 09-07-20
|d 09-07-20
|e m
|f a
|g -
|h cat
|i spc
|j 0
|k 0
|
| 908 |
|
|
|a MNACTEC
|a BC
|
| 940 |
|
|
|a mNACTEC
|
| 942 |
|
|
|2 udc
|c ARXIU
|n 1
|
| 952 |
|
|
|0 0
|1 0
|4 0
|6 BIB470
|7 1
|9 61074
|a Arxiu
|b Arxiu
|d 2022-03-08
|l 0
|o Bib-470
|p 25199
|r 2022-03-08 00:00:00
|w 2022-03-08
|y ARXIU
|
| 999 |
|
|
|c 81198
|d 81198
|